000 01491nam0a22003011 4500
001 rc\1093084
005 20260407095858.0
021 _aRU
_b84-95250
035 _a(NLR Aleph) 006339644
090 _a7628766
_c7628766
100 _a20041126d1984 |||y0rusy50 ca
101 0 _arus
102 _aRU
105 _aa j||||||||
200 1 _aПрименение математического планирования эксперимента при разработке новых видов абразивного и алмазного инструментов
_eметодические рекомендации
_eМР2-036-005-84
_fМ-во станкостроит. и инструмент. пром-сти, ВНИИ абразивов и шлифования (ВНИИАШ)
210 _aМосква
_cНИИмаш
_d1984
215 _a75 с.
_cил.
_d22
225 1 _aСтанкоинструментальная промышленность
320 _aБиблиогр.: с. 74
606 1 _aАбразивные инструменты
_xПроизводство
_xЭксперимент
_xПланирование
_jРуководства, пособия и т.п.
686 0 _aЛ464-1с101
_2rubbk
712 0 2 _4650
_aВНИИ абразивов и шлифования
_cЛенинград
_9346806
_3RU\NLR\AUTH\889925506
801 0 _aRU
_bNLR
_gpsbo
801 1 _aRU
_bELAR
_2rusmarc
801 2 _aRU
_bNLR
_c20160215
_2rusmarc
852 _aNLR
_j85-6/2352
942 _cBOOK
980 _aNB